Vocabulaire Japonais #5 - Statistiques

Statistiques générales
  • Ce quiz a été pris 38 fois
  • Le résultat moyen est 19 sur 123
Statistiques - réponses
Hint Réponse % Correct
France Furansu
73%
Moustique Ka
73%
Famille Kazoku
57%
Sang Chi
53%
Étage Kai
53%
Hiver Fuyu
47%
Sud Minami
47%
Flèche (d'un arc) Ya
47%
Printemps Haru
43%
Ville Ichi / Machi / shi
43%
Été Natsu
43%
Automne Aki
40%
Clé Kagi / Kii
40%
Parapluie Kasa
37%
Épée Ken
37%
Voix Koe
37%
Ouest Nishi
37%
Papillon de nuit Ga
33%
Nord Kita
33%
Fenêtre Mado
33%
Chine Chūgoku
30%
Pirates Kaizoku
30%
Route, Chemin Michi
27%
Une promesse Yakusoku
27%
Doigt Yubi
27%
Fourchette Fōku
23%
Vouloir (un objet) Hoshī
23%
Couteau Naifu
23%
Ange Tenshi
23%
Une histoire (récit, conversation) Hanashi
20%
Pierre, Caillou Ishi
20%
Escaliers Kaidan
20%
Corée du sud Kankoku
20%
Araignée Kumo
20%
Monstre Monsutā / Bakemono / Kaijuu
20%
Village Mura
20%
Absolument, Certainement Zettai
20%
Abandonner Akirameru
17%
Papillon Chō
17%
Boîte Hako
17%
La signification Imi
17%
Miroir Kagami
17%
Herbe Kusa
17%
L'Histoire (historique) Rekishi
17%
Cuillère Supūn
17%
Fourmi Ari
13%
Esclave Dorei
13%
Roche, Gros rocher Iwa
13%
Un conte, un récit (souvent fictif) Monogatari
13%
Bagages, Affaires Nimotsu
13%
Assiette Sara
13%
Guerre Sensō
13%
Chateau Shiro / Oshiro
13%
Ménage Sōji
13%
Loin Tōi
13%
Arc Yumi
13%
Jamais Zettai (avec une négation)
13%
Est Azuma
10%
Abeille, Guêpe Hachi
10%
Bête Kemono / Jū / Yajū
10%
Corée du nord Kitachōsen / Kitakankoku
10%
Un souhait Negai
10%
Hache Ono
10%
Crier Sakebu
10%
Mythologie, Légende Shinwa
10%
Bouclier Tate
10%
Ennemi Teki
10%
Lance Yari
10%
Anneau Yubiwa
10%
Pour toujours Zutto
10%
Sauterelle Batta
7%
Proche Chikai
7%
Petit à petit, Progressivement Dandan
7%
Acariens , Tiques Dani
7%
Ascenseur Erebētā
7%
Clôture, Mur Hei
7%
Paix Heiwa
7%
Un regard Hitomi
7%
Tirer (une flèche) Iru
7%
Pistolet Juu
7%
Chenille Kemushi
7%
Petit caillou, Gravier Koishi
7%
Gênant Mendou
7%
Chiant, Flemmard Mendoukusai
7%
Abeille (précision) Mitsubachi
7%
Couverture Mōfu
7%
Vouloir / Souhaiter Nozomu
7%
Peluche Nuigurumi
7%
L'avant, La destination Saki
7%
4 Saisons Shiki
7%
Feu de circulation Shingō
7%
Guêpe (précision) Suzumebachi
7%
Coffre au trésor Takarabako
7%
Le moment où... Toki
7%
Tirer (avec arme à feu) Utsu
7%
Echelle Hashigo / Radā
3%
Mordre Kamu
3%
Quartier Kinjo
3%
Chevalier Kishi
3%
Chaîne Kusari
3%
Palais royale Kyūden
3%
Recouvert de Mamire
3%
Désert Sabaku
3%
C'est comme ca, On peut rien y faire Shikatanai
3%
Chiffre, Numéro Sūji
3%
Juste au moment où... | Pointe de la flèche Yasaki
3%
Sol, Plancher Yuka
3%
Être en retard Chikoku suru
0%
Branche d'arbre Eda
0%
La coté, le flanc Gawa
0%
La période (saison, phase) Jiki
0%
Couverts Katorarī
0%
Salaire Kyūryō
0%
Ventilateur Senpūki
0%
Vaisselle Shokki
0%
Un instant précis Shunkan
0%
Type, Catégorie Shurui
0%
Colorer, Teint Somaru
0%
Pointu Surudoi
0%
Plafond tenjō
0%
Flèche (directionnel) Yajirushi
0%
Impôt / Taxe Zeikin
0%
Aucun quiz correspondant
Distribution des résultats
% des personnes avec chaque résultat
Percentile par nombre de réponses
Votre historique - résultats
Vous n’avez pas pris ce quiz